Ponaučenie z Mníchova

Bibliographic Details
Main Author: Buruma, Ian (Author)
Format: Article
Language:Slovak
PhysicalDescription:Fotogr.
ISSN:1335-440X
Subjects:

MARC

LEADER 00000nab a2200000 a 4500
001 vtls009458934
003 SK-MaSNL
005 20260303053631.0
008 140512c20080926xo dr|p|||||||000 b|slo
015 |a SNBRB2009/01  |2 snkbucl 
040 |a SNKBUCL  |b slo  |c SNKBUCL  |e AACR2 
041 0 |a slo 
044 |a xo  |c SK 
080 |a 94(4)  |x "1938"  |2 2001 
080 |a 341.24  |x (4)  |x "1938"  |2 2001 
100 1 |a Buruma, Ian  |4 aut  |9 1046484 
245 1 0 |a Ponaučenie z Mníchova  |c Ian Buruma 
300 |b Fotogr. 
650 0 7 |a Mníchovská dohoda (1938 september 30.)  |2 snkbucl  |9 401270 
650 0 7 |a dejiny  |2 snkbucl  |9 3825 
773 0 |t Sme  |g Roč. 16, č. 223 (26.9.2008)  |x 1335-440X 
773 0 8 |t Kultúra  |g S. 31 
852 |a SNK  |b KIS3GCP 
999 |c 1720008  |d 1721938